000
00277cam a22001095i 4500
020
_a
9789264224070
040
_c
DLC
082
_a
338 OEDC 2014 A117 Or.
245
0
0
_a
Towards green growth in Southeast Asia :
_b
OECD green growth studies.
300
_a
185 pages
942
_c
AEDBB
999
_c
17557
_d
17557